| 000 | 00834nab a2200253 u 4500 | ||
|---|---|---|---|
| 001 | 11159 | ||
| 003 | HDC | ||
| 007 | cr bn ---aaaaa | ||
| 008 | 210206c9999 |r|noo 0 a may d | ||
| 040 | _aHDC | ||
| 100 |
_aHamizah Badiran _eauthor _97601 |
||
| 245 | 0 |
_aPilihan tepat penggemar aiskrim / oleh _cHamizah Badiran |
|
| 260 |
_a[no place] : _b[publisher not identified], _c[no year] |
||
| 336 |
_atext _2rdacontent |
||
| 337 |
_acomputer _2rdamedia |
||
| 338 |
_aonline resource _2rdacarrier |
||
| 650 |
_ahalal products _9642 |
||
| 650 |
_aNestle products _911398 |
||
| 710 | _aMy metro | ||
| 856 | _zRequest full-text at [email protected] | ||
| 942 | _2lcc | ||
| 942 | _cNEWS | ||
| 942 | _kNWSO 001265 | ||
| 999 |
_c8482 _d8482 |
||